000 01344cam a2200169 4500
001 ##L132876
008 060316n 000 0 eng u
035 _a(Sirsi) u132876
110 2 _aUnited Kingdom
_bPlanning Portal
_94908
245 0 0 _aNational Planning Application Database
520 _aThe Planning Portal has launched an online planning application database which will initially allow searches on 80% of planning applications and 40% of decisions made in every area of England and Wales. The service developed and delivered by Emap Glenigan will with its national remit complement the register services offered by local planning authorities. The register is free of charge and can be used to search for planning applications in a specific area, to read details about individual applications including descriptions and to print or download a list of applications for an area. The service will run as a pilot over the next 18 months during which time the Planning Portal and Emap Glenigan will seek feedback from users and stakeholders.
590 _aIKA280306
690 _aENVIRONMENTAL AND LAND CONSULTANCY-PLANNING AND DEVELOPMENT-DEVELOPMENT CONTROL-PLANNING APPLICATIONS
710 2 _aEmap Glenigan
_94719
856 4 0 _uhttps://www.vlebooks.com/
_zView on VLEbooks. Logins for members only from [email protected]
942 _n0
999 _c120475
_d120475